00427nam a2200145Ia 4500003000900000008004100009020001700050040001600067100001800083245007200101260003500173300001000208650004100218650002200259IN-BaIIA211028s9999 xx 000 0 eng d a2-36-15453-2 cIIA Library aMuthuswamy, P 0aContributory provident fund (central services) rulescP. Muthuswamy aMadrasbSwamy Publishersc1974 a214p. aAstronomy and Astrophysics Thesaurus aHistory-Astronomy